000 00293nam a22001337a 4500
003 OSt
005 20160727222406.0
008 160624b xxu||||| |||| 00| 0 eng d
040 _cTEST
100 _9855
_aMisra, O.K
245 _aThe Golden Light
300 _aThe Golden Light
942 _2ddc
_cBK
999 _c679
_d679